[Event "NOR-ch Class1"]
[Site "Sarpsborg"]
[Date "2018.07.13"]
[Round "8"]
[White "Saetre, Roger"]
[Black "Forrisdahl, Ole Kristian"]
[Result "1-0"]
[WhiteElo "1834"]
[BlackElo "1891"]
[PlyCount "71"]
[EventDate "2018.07.07"]
[EventType "swiss"]
[EventRounds "9"]
[EventCountry "NOR"]
[SourceTitle "EXT 2024"]
[Source "ChessBase"]
[SourceDate "2023.10.10"]
[SourceVersion "1"]
[SourceVersionDate "2023.10.10"]
[SourceQuality "1"]

1. e4 c5 2. Nc3 Nc6 3. g3 d6 4. Bg2 e5 5. d3 g6 6. Nf3 Bg7 7. 0-0 Nge7 8. Nh4 0-0 9. f4 f5 10. exf5 Nxf5 11. Nxf5 Bxf5 12. Nd5 Ne7 13. fxe5 Nxd5 14. Bxd5+ Kh8 15. exd6 Qxd6 16. Bg2 Rad8 17. Bf4 Qb6 18. Be3 Qc7 19. Qc1 c4 20. dxc4 b6 21. b3 Bxa1 22. Qxa1+ Qg7 23. Bd5 Qxa1 24. Rxa1 Kg7 25. c3 h6 26. a4 g5 27. b4 Rd7 28. a5 Rb8 29. axb6 axb6 30. Ra6 Rd6 31. Bd4+ Kg6 32. Be5 Rdd8 33. Bxb8 Rxb8 34. c5 Bg4 35. Rxb6+ Kh5 36. Bf7# 1-0

[Event "NOR-ch Class1"]
[Site "Sarpsborg"]
[Date "2018.07.10"]
[Round "5"]
[White "Forrisdahl, Ole Kristian"]
[Black "Rolstad, Morten"]
[Result "1/2-1/2"]
[WhiteElo "1891"]
[BlackElo "1805"]
[PlyCount "35"]
[EventDate "2018.07.07"]
[EventType "swiss"]
[EventRounds "9"]
[EventCountry "NOR"]
[SourceTitle "EXT 2024"]
[Source "ChessBase"]
[SourceDate "2023.10.10"]
[SourceVersion "1"]
[SourceVersionDate "2023.10.10"]
[SourceQuality "1"]

1. e4 c5 2. Nf3 g6 3. d4 cxd4 4. Nxd4 Nf6 5. Nc3 Nc6 6. Be3 Bg7 7. f3 0-0 8. Bc4 d5 9. exd5 Nb4 10. 0-0 Nbxd5 11. Nxd5 Nxd5 12. Bf2 Nf4 13. c3 Qc7 14. Qb3 a6 15. a4 e5 16. Nc2 Be6 17. Bxe6 Nxe6 18. Qb6 1/2-1/2

[Event "NOR-ch Class1"]
[Site "Sarpsborg"]
[Date "2018.07.08"]
[Round "3"]
[White "Forrisdahl, Ole Kristian"]
[Black "Knutsen, Oystein"]
[Result "1/2-1/2"]
[WhiteElo "1891"]
[BlackElo "1835"]
[PlyCount "66"]
[EventDate "2018.07.07"]
[EventType "swiss"]
[EventRounds "9"]
[EventCountry "NOR"]
[SourceTitle "EXT 2024"]
[Source "ChessBase"]
[SourceDate "2023.10.10"]
[SourceVersion "1"]
[SourceVersionDate "2023.10.10"]
[SourceQuality "1"]

1. e4 d6 2. d4 Nf6 3. Nc3 g6 4. Nf3 Bg7 5. Be2 0-0 6. 0-0 h6 7. h3 c6 8. Be3 Qc7 9. a4 e5 10. Qd2 Kh7 11. Rad1 Be6 12. dxe5 dxe5 13. Qd6 Ne8 14. Qxc7 Nxc7 15. Bc5 Re8 16. Bd6 Nba6 17. Bxe5 Bxe5 18. Nxe5 Nb4 19. Bd3 f6 20. Nf3 Rad8 21. Rfe1 Rd7 22. Re3 Red8 23. Ne1 Nca6 24. Be2 Nc5 25. Rxd7+ Rxd7 26. Bd3 b6 27. Kf1 a5 28. Ke2 Ncxd3 29. cxd3 Na6 30. Nc2 Bb3 31. Na1 Be6 32. Nc2 Bb3 33. Na1 Be6 1/2-1/2

[Event "NOR-ch Class1"]
[Site "Sarpsborg"]
[Date "2018.07.07"]
[Round "2"]
[White "Markussen, Petter B"]
[Black "Forrisdahl, Ole Kristian"]
[Result "1-0"]
[WhiteElo "1819"]
[BlackElo "1891"]
[PlyCount "49"]
[EventDate "2018.07.07"]
[EventType "swiss"]
[EventRounds "9"]
[EventCountry "NOR"]
[SourceTitle "EXT 2024"]
[Source "ChessBase"]
[SourceDate "2023.10.10"]
[SourceVersion "1"]
[SourceVersionDate "2023.10.10"]
[SourceQuality "1"]

1. c4 e5 2. Nc3 Nf6 3. Nf3 d6 4. g3 Be7 5. Bg2 0-0 6. 0-0 c5 7. a3 Nc6 8. Rb1 Be6 9. d3 d5 10. Ng5 d4 11. Nxe6 fxe6 12. Ne4 h6 13. Bd2 a5 14. Qb3 Qc7 15. Qb5 Nd7 16. Bh3 Nd8 17. b4 b6 18. bxa5 bxa5 19. Qa4 Ra6 20. Rb5 Nb7 21. Rfb1 Rb8 22. Qb3 a4 23. Qb2 Ra7 24. Bxe6+ Kh8 25. Bd5 1-0

[Event "NOR-ch Class1"]
[Site "Sarpsborg"]
[Date "2018.07.06"]
[Round "1"]
[White "Forrisdahl, Ole Kristian"]
[Black "Brobakken, Lars Erik"]
[Result "1/2-1/2"]
[WhiteElo "1891"]
[BlackElo "1793"]
[PlyCount "168"]
[EventDate "2018.07.07"]
[EventType "swiss"]
[EventRounds "9"]
[EventCountry "NOR"]
[SourceTitle "EXT 2024"]
[Source "ChessBase"]
[SourceDate "2023.10.10"]
[SourceVersion "1"]
[SourceVersionDate "2023.10.10"]
[SourceQuality "1"]

1. e4 c5 2. Nf3 e6 3. d4 cxd4 4. Nxd4 a6 5. Be2 Qc7 6. Be3 Nf6 7. Nd2 d5 8. Bf3 Be7 9. 0-0 0-0 10. exd5 Nxd5 11. c4 Nxe3 12. fxe3 e5 13. N4b3 Be6 14. Qe2 Rd8 15. Rac1 Nc6 16. Bd5 Qd7 17. e4 Nd4 18. Nxd4 Bc5 19. N2b3 Bxd4+ 20. Nxd4 exd4 21. Qd3 Bxd5 22. exd5 Qg4 23. h3 Qh4 24. Qf5 Qe7 25. Qf2 Qe3 26. Rcd1 Rac8 27. Rxd4 Qxf2+ 28. Kxf2 a5 29. Re1 Kf8 30. b3 Rc5 31. a3 b5 32. a4 bxa4 33. bxa4 Rb8 34. d6 g6 35. Re7 Rd8 36. Rc7 Rxd6 37. Rxc5 Rxd4 38. Ke3 Rd1 39. Rxa5 Ke7 40. Rd5 Ra1 41. a5 Ke6 42. Kd4 Ra2 43. Rb5 Kd6 44. c5+ Kc6 45. Rb6+ Kc7 46. a6 Rxg2 47. Rb7+ Kc6 48. Rxf7 Ra2 49. a7 Ra4+ 50. Ke5 h5 51. Kf6 Kxc5 52. Kxg6 h4 53. Rf4 Rxa7 54. Rxh4 Kd5 55. Rf4 Ke5 56. Rf5+ Ke6 57. h4 Ra1 58. Rf2 Rg1+ 59. Kh6 Rg3 60. h5 Rg1 61. Kh7 Ke7 62. h6 Rg3 63. Ra2 Kf7 64. Ra7+ Kf8 65. Rg7 Rh3 66. Rg5 Rf3 67. Ra5 Rg3 68. Kh8 Rg8+ 69. Kh7 Rg2 70. Rf5+ Ke7 71. Kh8 Rg1 72. Ra5 Kf7 73. Ra7+ Kf8 74. Rg7 Rh1 75. Kh7 Rh3 76. Rg4 Rf3 77. Kh8 Rf2 78. h7 Rf1 79. Rb4 Rf2 80. Rb8+ Kf7 81. Rg8 Rh2 82. Rg7+ Kf8 83. Rg3 Rf2 84. Rg2 Rxg2 1/2-1/2

[Event "Ostfold-ch"]
[Site "Mysen"]
[Date "2002.03.03"]
[Round "6"]
[White "Forrisdahl, Ole Kristian"]
[Black "Aasum, Anker"]
[Result "0-1"]
[WhiteElo "1660"]
[BlackElo "1498"]
[PlyCount "202"]
[EventDate "2002.03.01"]
[EventType "swiss"]
[EventRounds "6"]
[EventCountry "NOR"]
[SourceTitle "EXT 2009"]
[Source "ChessBase"]
[SourceDate "2008.11.26"]
[SourceVersion "1"]
[SourceVersionDate "2008.11.26"]
[SourceQuality "1"]

1. e4 Nf6 2. e5 Nd5 3. d4 d6 4. c4 Nb6 5. exd6 cxd6 6. Nc3 Bf5 7. Bd3 Qc8 8. b3 Nc6 9. Nge2 g6 10. 0-0 Bg7 11. Be3 0-0 12. a3 Bxd3 13. Qxd3 e6 14. Rac1 Qd7 15. Rfd1 Rfd8 16. Qc2 Qe7 17. c5 Nd7 18. b4 dxc5 19. dxc5 a5 20. b5 Nce5 21. Ne4 Ng4 22. Bd2 Rdc8 23. h3 Nh6 24. c6 bxc6 25. bxc6 Ne5 26. Nd4 Nf5 27. Nxf5 exf5 28. Nc5 Rxc6 29. Be3 Rac8 30. Qa4 Qc7 31. Nb3 Nc4 32. Bd4 Bf8 33. Ra1 Bd6 34. Ra2 Be5 35. Re2 f6 36. Bxe5 fxe5 37. Rde1 e4 38. Nd2 Ne5 39. Qb3+ Kg7 40. Nf1 Rc3 41. Qa2 Nd3 42. Rb1 Nc1 43. Qb2 Nxe2+ 44. Qxe2 Qc4 45. Qb2 Kg8 46. Qb6 Qc5 47. Qe6+ Kg7 48. Rb7+ Rc7 49. Rb8 Rf7 50. Qa2 Rc2 51. Qa1+ Kh6 52. Qe1 f4 53. a4 Qc4 54. f3 Qd4+ 55. Kh1 Qf2 56. Qxf2 Rxf2 57. Nh2 Ra2 58. Ng4+ Kg7 59. fxe4 Rxa4 60. e5 h5 61. Nf6 Rxf6 62. exf6+ Kxf6 63. Kg1 Ra2 64. Kf1 a4 65. Rf8+ Ke5 66. Re8+ Kf5 67. Rf8+ Ke4 68. Re8+ Kf5 69. Rf8+ Kg5 70. h4+ Kg4 71. Rf6 g5 72. hxg5 Kxg5 73. Rf8 a3 74. Ra8 Ra1+ 75. Kf2 a2 76. Ra5+ Kf6 77. Ra4 Ke5 78. Ra5+ Kd4 79. Ra4+ Kc3 80. Ra8 Kb4 81. Rb8+ Ka3 82. Ra8+ Kb2 83. Rb8+ Kc3 84. Rc8+ Kb4 85. Rb8+ Kc5 86. Rc8+ Kb6 87. Ra8 Kc6 88. Ra3 Kd5 89. Ra5+ Ke4 90. Ra4+ Kf5 91. Ra5+ Kg4 92. Ra8 h4 93. Rg8+ Kh5 94. Rh8+ Kg6 95. Rg8+ Kf7 96. Ra8 h3 97. Ra7+ Ke6 98. Ra6+ Kd5 99. Ra5+ Kc4 100. Ra4+ Kb3 101. Ra8 h2 0-1

[Event "Ostfold-ch"]
[Site "Mysen"]
[Date "2002.03.02"]
[Round "3"]
[White "Hvesser, Roar"]
[Black "Forrisdahl, Ole Kristian"]
[Result "0-1"]
[WhiteElo "1416"]
[BlackElo "1660"]
[PlyCount "99"]
[EventDate "2002.03.01"]
[EventType "swiss"]
[EventRounds "6"]
[EventCountry "NOR"]
[SourceTitle "EXT 2009"]
[Source "ChessBase"]
[SourceDate "2008.11.26"]
[SourceVersion "1"]
[SourceVersionDate "2008.11.26"]
[SourceQuality "1"]

1. e4 c5 2. Nf3 Nc6 3. d4 cxd4 4. Nxd4 e5 5. Nf3 Nf6 6. Bg5 Be7 7. Bd3 0-0 8. Nc3 d6 9. h3 Be6 10. Qe2 a6 11. 0-0 Nd7 12. Be3 Rc8 13. a3 Nc5 14. Rad1 Nxd3 15. cxd3 f5 16. d4 f4 17. Bc1 Nxd4 18. Nxd4 Bc4 19. Qg4 exd4 20. Rxd4 Bxf1 21. Qe6+ Kh8 22. Kxf1 Rf6 23. Qb3 Qd7 24. e5 Rff8 25. Bxf4 Rxf4 26. e6 Rxf2+ 27. Kxf2 Qc6 28. Rf4 Qc5+ 29. Kf1 Qe5 30. Rf3 b5 31. Kf2 Bh4+ 32. g3 Bf6 33. h4 Rc4 34. a4 Qxe6 35. axb5 axb5 36. Qxb5 Rc8 37. Qb7 h6 38. Qb6 Re8 39. Qb5 Qe1+ 40. Kg2 Bxc3 41. bxc3 Re2+ 42. Kh3 Qh1+ 43. Kg4 Re4+ 44. Rf4 Qd1+ 45. Kh3 Rxf4 46. Qe8+ Kh7 47. gxf4 Qf3+ 48. Kh2 Qxf4+ 49. Kh3 Qf5+ 50. Kg2 0-1